ARRUPE JESUIT UNIVERSITY

CORONAVIRUS -STOP THE SPREAD - CLEAN,DISINFECT,COVER

Approches des rites et interdits de la Bible par le langage rituel zaïrois. (Record no. 127444)

MARC details
000 -LEADER
fixed length control field 01049cam a2200301 a 4500
001 - CONTROL NUMBER
control field 70970
003 - CONTROL NUMBER IDENTIFIER
control field ARRUPE
005 - DATE AND TIME OF LATEST TRANSACTION
control field 20180118114145.0
008 - FIXED-LENGTH DATA ELEMENTS--GENERAL INFORMATION
fixed length control field 940630s1993 cg ab b 001 0 fre
010 ## - LIBRARY OF CONGRESS CONTROL NUMBER
LC control number 94980814
035 ## - SYSTEM CONTROL NUMBER
System control number (DLC) 94980814
040 ## - CATALOGING SOURCE
Original cataloging agency DLC
Transcribing agency DLC
Modifying agency DLC
042 ## - AUTHENTICATION CODE
Authentication code lcode
043 ## - GEOGRAPHIC AREA CODE
Geographic area code f-cg---
050 00 - LIBRARY OF CONGRESS CALL NUMBER
Classification number BL2470.Z28
Item number A67 1993
300 ## - PHYSICAL DESCRIPTION
Other physical details ill., map ;
Dimensions 24 cm.
245 00 - TITLE STATEMENT
Title Approches des rites et interdits de la Bible par le langage rituel zaïrois.
260 ## - PUBLICATION, DISTRIBUTION, ETC. (IMPRINT)
Place of publication, distribution, etc Bandundu [Zaire] :
Name of publisher, distributor, etc Ceeba,
Date of publication, distribution, etc 1993.
300 ## - PHYSICAL DESCRIPTION
Extent 215 p. :
490 1# - SERIES STATEMENT
Series statement Publications/Ceeba. Série I ;
Volume number/sequential designation vol. 29
504 ## - BIBLIOGRAPHY, ETC. NOTE
Bibliography, etc Includes bibliographical references (p. 189-190) and index.
651 #0 - SUBJECT ADDED ENTRY--GEOGRAPHIC NAME
Geographic name Congo (Democratic Republic)
General subdivision Religious life and customs.
9 (RLIN) 38718
710 2# - ADDED ENTRY--CORPORATE NAME
Corporate name or jurisdiction name as entry element Ceeba.
9 (RLIN) 38719
740 0# - ADDED ENTRY--UNCONTROLLED RELATED/ANALYTICAL TITLE
Uncontrolled related/analytical title Rites et interdits de la Bible.
830 #0 - SERIES ADDED ENTRY--UNIFORM TITLE
Uniform title Publications (Ceeba).
Number of part/section of a work Série I ;
Volume number/sequential designation v. 29.
9 (RLIN) 38720
906 ## - LOCAL DATA ELEMENT F, LDF (RLIN)
a 7
b cbc
c origode
d 3
e ncip
f 19
g y-gencatlg
942 ## - ADDED ENTRY ELEMENTS (KOHA)
Source of classification or shelving scheme Library of Congress Classification
Koha item type Monograph ( Printed materials)
Holdings
Withdrawn status Lost status Source of classification or shelving scheme Damaged status Not for loan Collection code Home library Current library Shelving location Date acquired Total Checkouts Full call number Barcode Date last seen Price effective from Koha item type
    Library of Congress Classification     Main Collection ARRUPE LIBRARY ARRUPE LIBRARY Main Collection 18/01/2018   BL2470.Z28 A67 1993 46600000825 18/01/2018 18/01/2018 Monograph ( Printed materials)

 

Arrupe Library. PO Box MP320 Mt Pleasant, Harare, Zimbabwe
263 242 745411|librarian@aju.ac.zw